| 000 | 00968nam a22002535i 4500 | ||
|---|---|---|---|
| 001 | 168670 | ||
| 003 | ES-MaACL | ||
| 005 | 20250805003354.0 | ||
| 008 | 080430s2007 sp |||| | spa d | ||
| 020 | _a978-84-8489-081-2 (Iberoamericana) | ||
| 020 | _a978-3-86527-273-7 (Vervuert) | ||
| 080 | _a821.134.2 Vega, Lope de 2.06 | ||
| 080 | _a821.134.2 Colmenares, Diego de 2.06 | ||
| 100 | 1 |
_aTubau, Xavier. _9137750 |
|
| 245 | 1 | 4 |
_aUna polémica literaria _b: Lope de Vega y Diego de Colmenares / _cXavier Tubau. |
| 260 |
_aMadrid : _bIberoamericana ; _aFrankfurt am Main : _bVervuet, _c2007. |
||
| 300 |
_a251 p. ; _c24 cm. |
||
| 490 | 1 |
_aBiblioteca áurea hispánica ; _v42 |
|
| 600 | 1 | 4 |
_aVega, Lope de, _d1562-1635- _xCrítica e interpretación _9113565 |
| 600 | 1 | 4 |
_aColmenares, Diego de- _xCrítica e interpretación. _9137751 |
| 830 | 0 |
_aBiblioteca áurea hispánica ; _v42 _9188819 |
|
| 852 |
_aES-MaACL _jL-29416 _9R.142931 |
||
| 999 |
_c168670 _d168670 |
||